Estados financieros, 1° de agosto de 1976 al 31 de julio de 1977
সংরক্ষণ করুন:
| সংস্থা লেখক: | |
|---|---|
| বিন্যাস: | পাঠ্য |
| প্রকাশিত: |
Sna José :
|
| ট্যাগগুলো: |
ট্যাগ যুক্ত করুন
কোনো ট্যাগ নেই, প্রথমজন হিসাবে ট্যাগ করুন!
|
MARC
| LEADER | 00000 a a2200000 04500 | ||
|---|---|---|---|
| 001 | 15964 | ||
| 003 | |||
| 040 | |||
| 090 | |a 019700 | ||
| 110 | |a Consejo Nacional de Producción | ||
| 245 | |a Estados financieros, 1° de agosto de 1976 al 31 de julio de 1977 | ||
| 260 | |a Sna José : | ||
| 300 | |a 37 p | ||
| 999 | |c 14054 |d 14054 | ||
